000 00683nam a2200181Ia 4500
008 090630s9999 xx 000 0 und d
082 _b15792
100 _aदत्ता दिलीप.
245 _aकॉम्प्युटर गणकयंत्र.
_cदत्ता दिलीप.
260 _bअक्षय साहित्य - पुणे.
300 _a0
600 _aदत्ता दिलीप.
630 _aकॉम्प्युटर गणकयंत्र.
655 _aबालवाङमय.
700 _aदत्ता दिलीप.
730 _aकॉम्प्युटर गणकयंत्र.
942 _cBOOK
999 _c267648
_d267648